MARC

LEADER 00000nam0a2200000 4500
001 312602
005 20231102002512.0
035 |a (RuTPU)RU\TPU\book\337971 
090 |a 312602 
100 |a 20151224d1981 k y0rusy50 ca 
101 0 |a rus 
102 |a RU 
105 |a a z 001zy 
200 1 |a Технология разработки соляных месторождений подземным выщелачиванием  |e сборник научных трудов  |f Всесоюзный научно-исследовательский институт галургии (ВНИИГ) ; под ред. В. С. Романова 
210 |a Ленинград  |c Изд-во ВНИИГ  |d 1981 
215 |a 104 с.  |c ил. 
320 |a Библиогр. в конце ст. 
606 1 |a Соли минеральные  |x Выщелачивание подземное  |2 stltpush  |3 (RuTPU)RU\TPU\subj\55475  |9 73503 
610 1 |a соляные месторождения 
610 1 |a бесшахтная добыча 
610 1 |a растворение 
610 1 |a методы расчета 
610 1 |a рассолопромыслы 
610 1 |a тепловой баланс 
610 1 |a гидроразрыв 
610 1 |a экспериментальные исследования 
610 1 |a звуколокационная аппаратура 
675 |a 622.234.42  |v 4 
702 1 |a Романов  |b В. С.  |g Виктор Сергеевич  |4 340 
712 0 2 |a Всесоюзный научно-исследовательский институт галургии (ВНИИГ)  |2 stltpush  |3 (RuTPU)RU\TPU\col\12235 
801 1 |a RU  |b 63413507  |c 20151224 
801 2 |a RU  |b 63413507  |c 20220128  |g RCR 
942 |c BK